[Event "TCh-ROU w Superliga"]
[Site "Eforie Nord ROU"]
[Date "2009.09.22"]
[Round "4"]
[White "Foisor,C"]
[Black "Cosma,E"]
[Result "1-0"]
[WhiteElo "243"]
[BlackElo "2331"]

1.Nf3 d5 2.g3 Nf6 3.Bg2 e6 4.O-O Be7 5.d4 O-O 6.c4 Nbd7 7.Qc2 c6 8.b3 b6
9.Bb2 Bb7 10.Nc3 Rc8 11.e4 Qc7 12.Rad1 Nxe4 13.Nxe4 dxe4 14.Qxe4 Nf6 15.Qc2 Rfd8
16.Rfe1 Bb4 17.Re2 Qe7 18.Qc1 Qf8 19.a3 Be7 20.b4 c5 21.dxc5 bxc5 22.b5 Rxd1+
23.Qxd1 Rd8 24.Qc2 Bxf3 25.Bxf3 Bd6 26.a4 Bc7 27.Bc3 h6 28.a5 Qe7 29.Kg2 e5
30.Bc6 Qe6 31.Bxe5 Bxa5 32.Bc3 Qxe2 33.Qxe2 Bxc3 34.Qe3 Ba5 35.Qxc5 Bb6 36.Qe7 Rd2
37.c5 Bd8 38.Qe3 Rc2 39.Qd3  1-0

[Event "TCh-SRB w"]
[Site "Pozarevac SRB"]
[Date "2009.09.22"]
[Round "9"]
[White "Drljevic,L"]
[Black "Sekulic,I"]
[Result "1-0"]
[WhiteElo "2207"]
[BlackElo "1780"]

1.Nf3 d5 2.g3 Nf6 3.Bg2 e6 4.O-O Be7 5.d3 Nbd7 6.Nc3 b6 7.e4 dxe4 8.dxe4 Bb7
9.e5 Nd5 10.Nxd5 Bxd5 11.Qe2 O-O 12.Rd1 Qc8 13.c4 Bb7 14.h4 Rd8 15.Bf4 a5
16.Nd4 Bxg2 17.Kxg2 Qb7+ 18.Qf3 Qxf3+ 19.Kxf3 Nc5 20.Nc6 Re8 21.b3 h6 22.Rd2 Rac8
23.Rad1 Kh7 24.Be3 f6 25.Nxe7 Rxe7 26.Bxc5 bxc5 27.Rd7 Rce8 28.Rxe7 Rxe7
29.Rd8 fxe5 30.Ra8 Rf7+ 31.Ke3 g5 32.hxg5 hxg5 33.Rxa5 g4 34.Rxc5 Rf3+ 35.Ke2 Rf7
36.Rxe5 Re7 37.Rg5 c6 38.Ra5 Kg6 39.Ra6 Rc7 40.b4 Kf5 41.Ke3 Rb7 42.a3 Rc7
43.Ra8 Ke5 44.Ra5+ Kf6 45.Kf4 Rd7 46.Kxg4 Rd4+ 47.f4 Rxc4 48.Rc5  1-0

[Event "18th TCh-CRO b"]
[Site "Sibenik CRO"]
[Date "2009.09.22"]
[Round "2"]
[White "Martinovic,Sa"]
[Black "Erdos,V"]
[Result "1/2-1/2"]
[WhiteElo "2516"]
[BlackElo "2591"]

1.Nf3 d5 2.g3 Bg4 3.Bg2 Nd7 4.O-O Ngf6 5.d3 e5 6.Nbd2 Bc5 7.e4 dxe4 8.dxe4 O-O
9.h3 Bh5 10.Qe1 Re8 11.Nb3 Bf8 12.a4 c5 13.Nfd2 Rc8 14.Nc4 Nb6 15.Nxb6 axb6
16.Be3 Qd7 17.Qc3 Qe6 18.f3 Nd7 19.h4 f6 20.Kh2 c4 21.Nd2 Bf7 22.Rfd1 Qc6
23.Bh3 Red8 24.Nf1 Ra8 25.Qd2 Qc7 26.Bxd7 Kh8 27.c3 Be8 28.Qf2 Rxd7 29.Bxb6 Qc6
30.a5 Bf7 31.Rxd7 Qxd7 32.Qd2 Qc6 33.Kg2 Be6 34.Rd1 Kg8 35.Ne3 Bf7 36.Nd5 Rc8
37.Kh2 Bc5 38.Nb4 Bxb4 39.cxb4 c3 40.bxc3 Qxc3 41.Qxc3 Rxc3 42.Kg2 Rc2+ 43.Kg1  1/2-1/2

[Event "18th TCh-CRO"]
[Site "Sibenik CRO"]
[Date "2009.09.22"]
[Round "2"]
[White "Cvorovic,D"]
[Black "Sulava,N"]
[Result "0-1"]
[WhiteElo "2453"]
[BlackElo "2540"]

1.Nf3 d5 2.g3 c6 3.Bg2 Bg4 4.c4 dxc4 5.Na3 Qd5 6.Qc2 Be6 7.O-O Nf6 8.b3 cxb3
9.axb3 Qd8 10.e4 Bc8 11.d4 e6 12.Nc4 Be7 13.e5 Nd5 14.Ng5 Bxg5 15.Nd6+ Kf8
16.Bxg5 Qxg5 17.Nxc8 g6 18.Bxd5 exd5 19.Nd6 Kg7 20.Nxb7 h5 21.Qc1 Qg4 22.Qe3 Nd7
23.Rac1 Rab8 24.Nd6 Rb6 25.Kg2 Rhb8 26.h3 Qe6 27.Rc3 f6 28.f4 fxe5 29.fxe5 Rf8
30.Rcc1 c5 31.Rxf8 Nxf8 32.dxc5 d4 33.Qxd4 Rxb3 34.c6 h4 35.g4 Rg3+ 36.Kf1 Rxh3
37.Rc3 Rh1+ 38.Kg2 Re1 39.c7 Qa2+ 40.Kf3 Rf1+ 41.Ke4 Qg2+ 42.Kd3 Rd1+ 43.Kc4 Qa2+
44.Kb5 Rxd4 45.Nc4 Qb1+ 46.Kc6 Qb4  0-1

[Event "Open"]
[Site "Baku AZE"]
[Date "2009.09.23"]
[Round "3"]
[White "Pantsulaia,L"]
[Black "Khurtsidze,N"]
[Result "0-1"]
[WhiteElo "2600"]
[BlackElo "2420"]

1.Nf3 d5 2.g3 b5 3.Bg2 Nf6 4.a4 b4 5.c4 bxc3 6.bxc3 e6 7.O-O Ba6 8.d3 Be7
9.Nbd2 Nbd7 10.Nd4 Bb7 11.c4 c5 12.N4b3 O-O 13.Ba3 Rc8 14.Qb1 Bc6 15.a5 d4
16.Bxc6 Rxc6 17.Qa2 e5 18.Bc1 h5 19.Qa4 Qc8 20.Ba3 h4 21.Nf3 Ng4 22.Nbd2 Rg6
23.Rab1 Ndf6 24.Kg2 Ne3+ 25.fxe3 Qg4 26.Rg1 Qxg3+ 27.Kf1 Qh3+ 28.Kf2 Ne4+
29.Nxe4  0-1

[Event "TCh-ROU Superliga"]
[Site "Eforie Nord ROU"]
[Date "2009.09.23"]
[Round "5"]
[White "Badea,B"]
[Black "Svetushkin,D"]
[Result "0-1"]
[WhiteElo "2496"]
[BlackElo "2570"]

1.Nf3 d5 2.g3 Nf6 3.Bg2 c6 4.O-O Bg4 5.d4 Nbd7 6.Nbd2 e6 7.Re1 Be7 8.e4 O-O
9.c3 Bh5 10.Qb3 Qc7 11.c4 a5 12.h3 Rfc8 13.a3 Bg6 14.e5 Ne4 15.a4 Nb6 16.c5 Nd7
17.Nf1 b6 18.N3h2 bxc5 19.f3 cxd4 20.fxe4 dxe4 21.Bxe4 Nc5 22.Qf3 Nxe4 23.Rxe4 Bxe4
24.Qxe4 c5 25.Ra3 c4 26.Rf3 Rab8 27.Ng4 Rb3 28.Rf2 c3 29.bxc3 dxc3 30.Nfe3 c2
31.Kh2 Bg5 32.Rxc2 Rc3 33.Rxc3 Qxc3 34.h4 Bd8 35.Qb7 Qxc1 36.Qb5 Qc6  0-1

[Event "ch-ChessClub A"]
[Site "Reykjavik ISL"]
[Date "2009.09.23"]
[Round "2"]
[White "Johannesson,I"]
[Black "Gretarsson,Hj"]
[Result "0-1"]
[WhiteElo "2323"]
[BlackElo "2320"]

1.Nf3 d5 2.g3 Nf6 3.c4 c6 4.Qc2 Bg4 5.Bg2 e6 6.O-O Nbd7 7.d3 Bc5 8.Nbd2 O-O
9.b3 Qe7 10.Bb2 Ba3 11.Qc1 Bxb2 12.Qxb2 e5 13.h3 Bh5 14.e3 e4 15.dxe4 dxe4
16.Nh4 Qe6 17.Qd4 c5 18.Qc3 Rfe8 19.Rae1 Rad8 20.f4 exf3 21.Nhxf3 Bxf3 22.Nxf3 Ne4
23.Qa5 Ndf6 24.Qc7 Rd7 25.Qf4 Nh5 26.Qh4 Nhxg3 27.Ng5 Nxg5 28.Qxg3 Ne4 29.Qf4 Qg6
30.Rd1 Nc3 31.Rxd7 Ne2+ 32.Kh2 Nxf4 33.Rxf4 h5 34.Rfxf7 Rxe3 35.Rxg7+ Qxg7
36.Bd5+ Kh7 37.Rxg7+ Kxg7 38.Bxb7 h4 39.Kg2 Rg3+ 40.Kh2 a5  0-1

[Event "Maotai Prince Cup Queens"]
[Site "JinZhou CHN"]
[Date "2009.09.24"]
[Round "7"]
[White "Ju Wenjun"]
[Black "Ruan Lufei"]
[Result "1/2-1/2"]
[WhiteElo "2443"]
[BlackElo "2486"]

1.Nf3 d5 2.g3 Nf6 3.Bg2 c6 4.O-O Bg4 5.d3 Nbd7 6.Nbd2 e5 7.h3 Bh5 8.e4 dxe4
9.dxe4 Be7 10.Qe1 O-O 11.Nc4 Qc7 12.Bd2 Ne8 13.a4 Rd8 14.Be3 f6 15.Qc3 b5
16.Na5 b4 17.Qc4+ Bf7 18.Qa6 Nb6 19.Nd2 c5 20.Rfc1 Nc8 21.c3 Rd6 22.Qb7 Qxa5
23.Qxc8 bxc3 24.Rxc3 Rd8 25.Qb7 Bd6 26.Nc4 Bxc4 27.Rxc4 Rf7 28.Qc6 Qb6 29.Qxb6 axb6
30.b4 Rc7 31.a5 b5 32.Rxc5 Bxc5 33.Bxc5 Rc6 34.a6 Ra8 35.a7 Nc7 36.Bf1 Kf7
37.Ra5 Ke6 38.Bxb5 Rxc5 39.bxc5 Nxb5 40.Rxb5 Rxa7 41.Kg2 Kd7 42.Rb8 Rc7 43.Rb5 Ra7
44.Kf3 Kc6 45.Rb8 Kxc5 46.Rh8 g6 47.Rf8 Ra3+ 48.Kg2 Ra6 49.Kf3 Ra3+ 50.Kg2 Ra6
51.Kf3  1/2-1/2

[Event "TCh-ROU w Superliga"]
[Site "Eforie Nord ROU"]
[Date "2009.09.25"]
[Round "7"]
[White "Sgircea,S"]
[Black "Traistaru,T"]
[Result "1/2-1/2"]
[WhiteElo "2211"]
[BlackElo "2205"]

1.Nf3 d5 2.g3 c6 3.Bg2 Bg4 4.O-O Nd7 5.d4 Ngf6 6.b3 e6 7.c4 Be7 8.Bb2 Ne4
9.Nbd2 f5 10.Ne1 Bh5 11.Ndf3 O-O 12.Nd3 b5 13.Nfe5 Rc8 14.Qc2 Nxe5 15.Nxe5 Bf6
16.Rad1 Bxe5 17.dxe5 Qa5 18.Bd4 Nc5 19.f3 bxc4 20.bxc4 Nd7 21.cxd5 cxd5 22.Qd2 Qa4
23.Rc1 Nb6 24.Bxb6 axb6 25.Qe3 b5 26.Qb6 Bf7  1/2-1/2

[Event "18th TCh-CRO b"]
[Site "Sibenik CRO"]
[Date "2009.09.25"]
[Round "5"]
[White "Dizdarevic,E"]
[Black "Martinovic,Sa"]
[Result "1-0"]
[WhiteElo "2483"]
[BlackElo "2516"]

1.Nf3 d5 2.g3 Nc6 3.d4 Bg4 4.Nbd2 Qd7 5.c3 f6 6.b4 a6 7.Qa4 e5 8.b5 Na7 9.dxe5 axb5
10.Qb3 Bc5 11.Bg2 O-O-O 12.a4 Re8 13.exf6 Nxf6 14.h3 Qe6 15.O-O Bxf3 16.exf3 Qe2
17.Qb1 bxa4 18.Rxa4 Qb5 19.Qa1 Kb8 20.c4 Qb6 21.Ba3 Bd4 22.c5 Bxc5 23.Bxc5 Qxc5
24.Rc1 Qb6 25.Rb1  1-0

[Event "TCh-ROU w Superliga"]
[Site "Eforie Nord ROU"]
[Date "2009.09.26"]
[Round "8"]
[White "Foisor,C"]
[Black "Kovacs,O"]
[Result "1-0"]
[WhiteElo "243"]
[BlackElo "1952"]

1.Nf3 d5 2.g3 g6 3.Bg2 Bg7 4.d4 e6 5.O-O Nf6 6.c4 O-O 7.Qc2 a5 8.Rd1 Na6
9.a3 b6 10.Nc3 Bb7 11.Ne5 Rc8 12.Bg5 h6 13.Bxf6 Bxf6 14.Nxg6 Re8 15.Nf4 c6
16.cxd5 cxd5 17.e3 Nc7 18.Qe2 Ba6 19.Qg4+ Kh7 20.e4 Bc4 21.exd5 Bxd5 22.Ncxd5 Nxd5
23.Bxd5 exd5 24.Qf5+  1-0

[Event "74th ch-ESP Absoluto"]
[Site "Palma de Mallorca ESP"]
[Date "2009.09.26"]
[Round "1"]
[White "Cacho Reigadas,S"]
[Black "Gelabert Mari,L"]
[Result "1-0"]
[WhiteElo "2484"]
[BlackElo "2083"]

1.Nf3 d5 2.g3 Nf6 3.Bg2 c5 4.O-O e6 5.d3 Be7 6.Nbd2 O-O 7.e4 Nc6 8.Re1 dxe4
9.dxe4 e5 10.c3 Qc7 11.Nc4 Be6 12.Qe2 Rad8 13.Nfd2 Qd7 14.Ne3 Qd3 15.Qd1 Rfe8
16.Bf1 Qd7 17.Qc2 Ng4 18.Nxg4 Bxg4 19.Nc4 Bd1 20.Qb1 Bf3 21.a4 Qe6 22.a5 Rd7
23.Qc2 Red8 24.Be3 Qg6 25.Nd2 Bg4 26.h3 Be6 27.Nf3 Qh5 28.g4 Qg6 29.Qa4 h5
30.g5 h4 31.a6 c4 32.axb7 Qxe4 33.Nd2 Qf5 34.Bg2 Bxg5 35.Bxg5 Qxg5 36.Nf3 Qf4
37.Qxc6 Bd5 38.Qxd7  1-0

[Event "TCh-ISL 2009-10"]
[Site "Rekjavik ISL"]
[Date "2009.09.26"]
[Round "3"]
[White "Johannesson,I"]
[Black "Halldorsson,J"]
[Result "1/2-1/2"]
[WhiteElo "2323"]
[BlackElo "2202"]

1.Nf3 d5 2.g3 Bg4 3.Bg2 Nd7 4.d4 Ngf6 5.c4 c6 6.Ne5 Be6 7.cxd5 Bxd5 8.Nf3 e5
9.Nc3 Bxf3 10.Bxf3 exd4 11.Qxd4 Bc5 12.Qf4 Qe7 13.O-O O-O 14.Qf5 Rfe8 15.Bf4 Bd6
16.Bxd6 Qxd6 17.Rad1 Qe5 18.Qc2 Qe7 19.Bg2 h6 20.e3 Nc5 21.b4 Nce4 22.Nxe4 Nxe4
23.Rd4 Nf6 24.Rfd1 a5 25.Qb3 Qe6 26.b5 Qxb3 27.axb3 cxb5 28.Bxb7 Rab8 29.Bf3 Rec8
30.Ra1 Rc3 31.Bd1 Ra8 32.Kf1 Kf8 33.Ke1 Ke7 34.Kd2 Rc7 35.Be2 b4 36.Bc4 Raa7
37.Ke2 Rd7 38.Rf4 Ra8 39.Rf5 Rda7 40.Rb5 Ne8 41.Re5+ Kf6 42.f4 Nd6 43.Bd5 Re8
44.Rxe8 Nxe8 45.e4 Ke7 46.Kd3 Nc7 47.Bc6 Kd6 48.Rc1 Ne6 49.Bd5 a4 50.bxa4 Rxa4
51.Rc6+ Kd7 52.Rb6 Nd8 53.Kc2 h5 54.Kb2 Ra5 55.Rxb4 f5 56.Rd4 fxe4 57.Bxe4+ Ke7
58.Bg6 Ne6 59.Rb4 h4 60.Rb7+ Kf6 61.f5 Nd4 62.g4 Rb5+ 63.Rxb5 Nxb5 64.Kc2 Nd4+
65.Kd3 Nf3 66.Ke3 Nxh2 67.Kf4 Nf1 68.g5+ Ke7 69.Kg4 Kd6 70.Kxh4 Ke5 71.Bh7 Ne3
72.f6 gxf6 73.gxf6 Kxf6  1/2-1/2

[Event "TCh-ISL 2009-10"]
[Site "Rekjavik ISL"]
[Date "2009.09.26"]
[Round "3"]
[White "Olafsson,H1"]
[Black "Semcesen,D"]
[Result "1/2-1/2"]
[WhiteElo "2522"]
[BlackElo "2465"]

1.Nf3 d5 2.g3 Bg4 3.Bg2 Nd7 4.c4 e6 5.b3 Ngf6 6.Bb2 c6 7.O-O Bd6 8.d4 O-O
9.Nbd2 a5 10.a3 Re8 11.Re1 Bf5 12.Nh4 h6 13.e4 Nxe4 14.Nxe4 Bxe4 15.Bxe4 dxe4
16.Rxe4 Be7 17.Nf3 Bf6 18.Qc2 Qb6 19.Rae1 Red8 20.h4 c5 21.dxc5 Qxc5 22.Bc1 h5
23.R4e2 Qc6 24.Ng5 Nf8 25.a4 Rd7 26.Ba3 Bxg5 27.hxg5 Qf3 28.Re3 Qg4 29.Qe2 Qxe2
30.R1xe2 Ng6 31.Kg2 e5 32.Bb2 f6 33.Bc3 Kf7 34.gxf6 gxf6 35.Rd2 Rxd2 36.Bxd2 Ke6
37.Rd3 Ne7 38.Be3 Nc6 39.Bb6 Ra6 40.Bc5 Nb8 41.Rd8 Nd7 42.Be3 Rd6 43.Re8+ Kf5
44.Re7 b6 45.Kf3 Nc5 46.Bxc5 bxc5 47.Rb7 Rd3+ 48.Ke2 Ke4 49.Rb5 Kd4 50.Rxc5 Rxb3
51.Rxa5 Rb2+ 52.Kf1 Ra2 53.Ra6 f5 54.Rh6 Rxa4 55.Rxh5 Ke4 56.Kg2 Ra2 57.c5 Rc2
58.c6 f4 59.gxf4 Kxf4 60.Rh6 e4 61.Rh4+ Kf5 62.Rh5+ Kf4  1/2-1/2

[Event "18th TCh-CRO b"]
[Site "Sibenik CRO"]
[Date "2009.09.26"]
[Round "6"]
[White "Sinanovic,M"]
[Black "Jakic,I"]
[Result "1/2-1/2"]
[WhiteElo "2386"]
[BlackElo "2406"]

1.Nf3 d5 2.g3 Nf6 3.Bg2 g6 4.c4 Bg7 5.O-O O-O 6.d3 c5 7.Nc3 Nc6 8.h3 dxc4
9.dxc4 Be6 10.Qa4 h6 11.Be3 Qc8 12.Kh2 Nd7 13.Nd5 Kh7 14.Qb3 b6 15.Rac1 f5
16.Rfd1 Bg8 17.Ne1 e6 18.Ne7 Nxe7 19.Bxa8 Qc7 20.Bg2 Nc6 21.Qb5 Ndb8 22.f4 e5
23.Bd5 g5 24.Ng2 Nd4 25.Bxd4 exd4 26.Qb3 Nd7 27.e4 Bxd5 28.exd5 Nf6 29.Qd3 Ne4
30.Re1 gxf4 31.gxf4 Bf6 32.Rxe4 fxe4 33.Qxe4+ Kh8 34.Qg6 Qh7 35.Qxh7+ Kxh7
36.Kg3 Kg6 37.Kf3 Kf5 38.Re1 h5 39.h4 Rb8 40.a4 a6 41.Rc1 Be7 42.Re1 Bf6
43.Rc1 Be7 44.Re1  1/2-1/2

[Event "74th ch-ESP Absoluto"]
[Site "Palma de Mallorca ESP"]
[Date "2009.09.27"]
[Round "2"]
[White "Juan Mas,S"]
[Black "Zhou,T"]
[Result "0-1"]
[WhiteElo "2098"]
[BlackElo "1818"]

1.Nf3 d5 2.g3 g6 3.Bg2 Bg7 4.O-O e6 5.d3 Ne7 6.c3 O-O 7.Nbd2 c5 8.e4 Nbc6
9.Re1 d4 10.cxd4 Nxd4 11.Nxd4 cxd4 12.f4 Rb8 13.Nf3 Nc6 14.Bd2 Qb6 15.b3 Nb4
16.Qb1 Bd7 17.a3 Na6 18.b4 Rbc8 19.Qa2 Ba4 20.Rac1 Nc7 21.f5 Qb5 22.Bf4 e5
23.Rc5 Qxd3 24.Bxe5 Na6 25.Rxc8 Rxc8 26.Bxg7 Kxg7 27.fxg6 hxg6 28.Qxf7+ Kxf7
29.Ne5+ Kg7 30.Nxd3 Rc3 31.Nc5 Nxc5 32.bxc5 d3  0-1

[Event "18th TCh-CRO"]
[Site "Sibenik CRO"]
[Date "2009.09.27"]
[Round "7"]
[White "Cvorovic,D"]
[Black "Bilobrk,F"]
[Result "1-0"]
[WhiteElo "2453"]
[BlackElo "2361"]

1.Nf3 d5 2.g3 c6 3.Bg2 Nf6 4.c4 dxc4 5.O-O b5 6.d3 cxd3 7.Ne5 Bb7 8.Nc3 a6
9.a4 b4 10.Qb3 e6 11.Nxd3 a5 12.Rd1 Nbd7 13.Bg5 Qc7 14.Ne4 Nxe4 15.Bxe4 c5
16.Bf4 Qc8 17.Bxb7 Qxb7 18.Qc4 Be7 19.Qb5 Qxb5 20.axb5 c4 21.Ne5 Nxe5 22.Bxe5 Bf6
23.Bxf6 gxf6 24.Rd4 Ke7 25.Rxc4 Rhb8 26.Rc7+ Ke8 27.Rd1 Rd8 28.Rxd8+ Kxd8
29.Rxf7 Rb8 30.Kf1 Rxb5 31.Ke1 a4 32.Ra7 a3 33.Kd2 Kc8 34.bxa3 b3 35.Kc1 Rc5+
36.Kb1 Rc2 37.Rf7 f5 38.Rxh7 Rxe2 39.f4 Kd8 40.h4 Re1+ 41.Kb2 Re2+ 42.Kxb3 Re3+
43.Kb4 Rxg3 44.a4 Rg4 45.a5 Rxf4+ 46.Kb5 Kc8 47.a6 Kb8 48.h5 Rf1 49.Rb7+ Ka8
50.h6 Rb1+ 51.Kc4 Rc1+ 52.Kd3 Rc6 53.h7 Rxa6 54.Rg7  1-0

[Event "Open"]
[Site "Baku AZE"]
[Date "2009.09.29"]
[Round "9"]
[White "Azaladze,S"]
[Black "Jojua,D"]
[Result "1/2-1/2"]
[WhiteElo "2423"]
[BlackElo "2531"]

1.Nf3 d5 2.g3 Nf6 3.Bg2 c6 4.O-O Bg4 5.b3 Nbd7 6.Bb2 e6 7.d3 Bd6 8.Nbd2 O-O
9.e4 e5 10.h3 Bh5 11.Qe1 Re8 12.Nh4 dxe4 13.dxe4 Qc7 14.a4 b5 15.Nf5 Nc5
16.Bf3 Bg6 17.Nh4 Bf8 18.Qe2 a6 19.Nxg6 hxg6 20.Bg2 Ne6 21.Nf3 Bd6 22.h4  1/2-1/2

[Event "74th ch-ESP Absoluto"]
[Site "Palma de Mallorca ESP"]
[Date "2009.09.30"]
[Round "5"]
[White "Pont Mulet,A"]
[Black "Veganzones Rojo,D"]
[Result "1/2-1/2"]
[WhiteElo "2232"]
[BlackElo "2100"]

1.Nf3 d5 2.g3 Bg4 3.Bg2 Nd7 4.d4 e6 5.O-O Ngf6 6.c4 c6 7.cxd5 exd5 8.Bf4 Be7
9.Nc3 O-O 10.Qc2 Re8 11.Rad1 g6 12.Ne5 Bf5 13.e4 dxe4 14.Qb3 Nxe5 15.dxe5 Nd5
16.Nxd5 cxd5 17.Rxd5 Qb6 18.Qxb6 axb6 19.a3 f6 20.Re1 Be6 21.Bxe4 f5 22.Bg2 Bxd5
23.Bxd5+ Kg7 24.Bxb7 Ra7 25.Bc6 Rc8 26.Bb5 Rc2 27.e6 Bc5 28.Be3 Kf6 29.b3 Rc3
30.Bxc5 Rxc5 31.a4 Ke7 32.Bc4 Rxa4 33.bxa4 Rxc4 34.Rb1 Rc6  1/2-1/2

[Event "10th Veselin Boskovic Mem"]
[Site "Beograd SRB"]
[Date "2009.10.01"]
[Round "4.2"]
[White "Martinovic,Sl"]
[Black "Pikula,D"]
[Result "1/2-1/2"]
[WhiteElo "2452"]
[BlackElo "2562"]

1.Nf3 d5 2.g3 Nf6 3.Bg2 c6 4.O-O Bf5 5.b3 e6 6.Bb2 h6 7.d3 Be7 8.c4 O-O 9.Nbd2 a5
10.a3 Nbd7 11.Ra2 Re8 12.Qa1 Bh7 13.Bc3 Bd6 14.e4 e5 15.exd5 cxd5 16.d4 exd4
17.Bxd4 Bf8 18.cxd5 Nxd5 19.Nc4 Be4 20.Ncd2 Bh7 21.Ne5 N7f6 22.Rd1 Rc8 23.Ndc4 Qc7
24.a4 b6 25.Ng4 Ne4 26.Be5 Qc5 27.Re2 f5 28.Bxe4 fxe4 29.Red2 Nb4 30.Rd7 Bf5
31.Bd6 Bxd7 32.Bxc5 Bxg4 33.Bxf8 Rxf8 34.Rd6 Bf3 35.Rd7 Rf6 36.Qe5 Bg4 37.Rd2 Re6
38.Qf4 Bf3 39.h3 Nd3 40.Qe3 Rf6 41.Kh2 Kh8 42.g4 h5 43.g5 Rff8 44.Kg3 Rc5
45.Nd6 h4+ 46.Kxh4 Rf4+ 47.Kg3 Rxg5+ 48.Kh2 Rg2+ 49.Kh1 Rg6+ 50.Kh2 Rg2+  1/2-1/2

[Event "10th Veselin Boskovic Mem"]
[Site "Beograd SRB"]
[Date "2009.10.01"]
[Round "4.1"]
[White "Arsovic,Z"]
[Black "Jelic,G"]
[Result "1-0"]
[WhiteElo "2468"]
[BlackElo "2200"]

1.Nf3 d5 2.g3 c6 3.Bg2 Nf6 4.c4 g6 5.Qa4 Nbd7 6.cxd5 cxd5 7.O-O Bg7 8.Nc3 O-O
9.d4 Nb6 10.Qb3 Ne4 11.Bf4 Nxc3 12.bxc3 Bf5 13.Nd2 Bd7 14.a4 Bc6 15.a5 Nd7
16.e4 Nf6 17.e5 Ne8 18.Be3 Qc7 19.f4 Qd7 20.h3 e6 21.Rf2 Bb5 22.Qc2 Ba6 23.g4 f5
24.exf6 Bxf6 25.Nf3 Rc8 26.Rc1  1-0

[Event "74th ch-ESP Absoluto"]
[Site "Palma de Mallorca ESP"]
[Date "2009.10.01"]
[Round "6"]
[White "Juan Mas,S"]
[Black "Oliver Font,J"]
[Result "0-1"]
[WhiteElo "2098"]
[BlackElo "1915"]

1.Nf3 d5 2.g3 Nf6 3.Bg2 c6 4.O-O e6 5.d3 Bd6 6.Re1 O-O 7.e4 Bc5 8.e5 Nfd7
9.Bf4 Qb6 10.d4 Qxb2 11.Nbd2 Bxd4 12.Rb1 Qc3 13.Rb3 Qc5 14.Ne4 dxe4 15.Nxd4 Nxe5
16.Rxe4 Ng6 17.Be3 Qa5 18.Bd2 Qc7 19.Bb4 Rd8 20.Qe2 Nd7 21.Ree3 Nf6 22.Nf3 c5
23.Rec3 Nd7 24.Nd4 Qd6 25.Nb5 Qb6 26.Ba3 a6 27.Nd4 Qd6 28.Rd3 Qc7 29.Rdc3 Qd6
30.Nf3 Rb8 31.Rd3 Qc7 32.Rd2 b5 33.Rbd3 b4 34.Bc1 Bb7 35.Qd1 Bd5 36.c4 bxc3
37.Rxc3 Nb6 38.Ng5 Qe5 39.Rdc2 Bxg2 40.Qh5 h6 41.Bf4 Qe1+ 42.Kxg2 Nxf4+ 43.gxf4 hxg5
44.Rh3 Qe4+ 45.Kg3  0-1

[Event "74th ch-ESP Absoluto"]
[Site "Palma de Mallorca ESP"]
[Date "2009.10.01"]
[Round "6"]
[White "Camacho Collados,J"]
[Black "Teran Alvarez,I"]
[Result "1/2-1/2"]
[WhiteElo "2401"]
[BlackElo "2432"]

1.Nf3 d5 2.g3 Nf6 3.Bg2 g6 4.O-O Bg7 5.c4 dxc4 6.Na3 O-O 7.Nxc4 Nc6 8.b3 e5
9.Bb2 e4 10.Nfe5 Nxe5 11.Bxe5 Re8 12.d4 exd3 13.Qxd3 Qxd3 14.exd3 c6 15.d4 Be6
16.a4 Nd5 17.a5 f6 18.Bd6 Bf8 19.Rfe1 Rad8 20.Bc5 a6 21.Nd2 Nb4 22.Ne4 Kf7
23.Bxf8 Rxf8 24.Nc5 Bc8 25.Bf1 Rfe8 26.Bc4+ Kf8 27.Rxe8+ Rxe8 28.f3 Ke7 29.Kf2 f5
30.h4 Kd6 31.Rd1 Re7 32.Rd2 Re8 33.Nd3 Nxd3+ 34.Rxd3 Re7 35.d5 c5 36.Rd1 Bd7
37.Rb1 Be8 38.Rd1 Bf7 39.Rd2 h6 40.Rd1 Re5 41.Rh1 Re7 42.Rd1 Re8 43.Rc1 Rh8
44.Rh1 Rd8 45.Re1 Re8 46.Rd1 Re5 47.Rh1 Re7 48.Rd1 Be8 49.Rh1 Bf7  1/2-1/2

[Event "1st Francophone Festival"]
[Site "Arvier ITA"]
[Date "2009.10.02"]
[Round "8"]
[White "Hautot,S"]
[Black "Berend,F"]
[Result "1/2-1/2"]
[WhiteElo "2420"]
[BlackElo "2371"]

1.Nf3 d5 2.g3 Nf6 3.Bg2 c5 4.O-O Nc6 5.c4 d4 6.d3 e5 7.e3 Be7 8.exd4 exd4
9.Re1 O-O 10.Na3 h6 11.Nc2 a5 12.Rb1 Bd6 13.b3 Re8 14.Rxe8+ Qxe8 15.a3 Bg4
16.h3 Bh5 17.g4 Bg6 18.Nh4 Bh7 19.f4 Qd7 20.Nf3 Re8 21.Bf1 Qc7 22.f5 h5 23.g5 Nd7
24.Nh4 Bg3 25.Qxh5 Bxh4 26.Qxh4 Nde5 27.Qg3 Qd7 28.Bf4 Qxf5 29.Ne1 Qd7 30.Rb2 Ng6
31.Bc1 Nge7 32.Re2 Bg6 33.Bf4 Bh5 34.Nf3 Ra8 35.Ne5 Qd8 36.Nxc6 Nxc6 37.Re1 Qb6
38.Rb1 Re8 39.Bg2 Re7 40.Be4 Qd8 41.g6 fxg6 42.Bg5 Qc7 43.Qxc7 Rxc7 44.Bd5+ Kh7
45.Re1 Rd7 46.Re8 Rc7 47.Bf4 Re7 48.Bxc6 Rf7 49.Be4 Rxf4 50.Re5 Bd1 51.Rxc5 Bxb3
52.Rh5+ Kg8 53.Rxa5 Bxc4 54.Ra8+ Kh7 55.Rd8 Be6 56.Rxd4 Kh6 57.Rd6 Bf5 58.Bxf5 Rxf5
59.Rd4 Ra5 60.a4 b5 61.axb5 Rxb5 62.Kg2 Kg5 63.Kg3 Kf5 64.Kf3 g5 65.Rd7 g6
66.Rf7+ Ke6 67.Ra7 Kf5 68.Ra8 Rd5 69.Rf8+ Ke6 70.Re8+ Kf7 71.Re3 Rd4 72.Ke2 Rh4
73.Rg3 Kf6 74.Ke3 Kf5 75.Rf3+ Ke5 76.Rg3 Kf5 77.Rf3+ Ke5 78.Rg3  1/2-1/2

[Event "VII Marx Gyorgy Mem"]
[Site "Paks HUN"]
[Date "2009.10.03"]
[Round "8"]
[White "Berkes,F"]
[Black "Ganguly,S"]
[Result "1-0"]
[WhiteElo "2663"]
[BlackElo "2634"]

1.Nf3 d5 2.g3 g6 3.Bg2 Bg7 4.d4 Nf6 5.O-O O-O 6.Nbd2 c6 7.c3 Bf5 8.Nh4 Be6
9.Nhf3 Qc8 10.Re1 Rd8 11.Ng5 Bg4 12.Ngf3 Be6 13.e3 Bh3 14.Bxh3 Qxh3 15.Qb3 Qc8
16.e4 e6 17.e5 Nfd7 18.Nf1 c5 19.Ne3 Qc7 20.h4 Nc6 21.Kg2 Rac8 22.h5 Ne7
23.hxg6 fxg6 24.Rh1 Qc6 25.Qd1 Rf8 26.Rh3 cxd4 27.cxd4 Nf5 28.g4 Nxe3+ 29.Bxe3 Qc2
30.Ng5 Qxd1 31.Rxd1 Rfe8 32.Nxh7 Rc2 33.g5 Kf7 34.Nf6 Rd8 35.Rf3 Bxf6 36.Rh1 Rxb2
37.gxf6 Nf8 38.Bh6 Nd7 39.Bc1  1-0

[Event "FSIMA October"]
[Site "Budapest HUN"]
[Date "2009.10.04"]
[Round "2"]
[White "Berczes,C"]
[Black "Kahn,E"]
[Result "1-0"]
[WhiteElo "2368"]
[BlackElo "2245"]

1.Nf3 d5 2.g3 c6 3.Bg2 Nf6 4.O-O Bg4 5.c4 e6 6.d3 dxc4 7.dxc4 Qxd1 8.Rxd1 Nbd7
9.Nc3 Bb4 10.Na4 Nc5 11.Bd2 Bxd2 12.Nxc5 Bxf3 13.Bxf3 O-O-O 14.a3 Bh6 15.b4 e5
16.b5 b6 17.Ne4 Nxe4 18.Bxe4 cxb5 19.cxb5 Rxd1+ 20.Rxd1 Rd8 21.Bd5 f6 22.e3 Kb8
23.Kg2 g6 24.Kf3 Bf8 25.a4 Bc5 26.Ke4 Re8 27.g4 Kc7 28.h4 Rf8 29.Bc6 Bd6
30.Kd5 f5 31.Ke6 Bc5 32.Rd7+ Kc8 33.g5 f4 34.Rxa7 fxe3 35.fxe3 Rf2 36.Ra8+ Kc7
37.Ra7+ Kc8 38.Rxh7 Bxe3 39.Be4 Rh2 40.Bxg6 Bf2 41.Be4  1-0

[Event "74th ch-ESP Absoluto"]
[Site "Palma de Mallorca ESP"]
[Date "2009.10.04"]
[Round "9"]
[White "Camacho Collados,M"]
[Black "Galiana Salom,J"]
[Result "1-0"]
[WhiteElo "2231"]
[BlackElo "2216"]

1.Nf3 d5 2.g3 Bf5 3.Bg2 Nf6 4.c4 e6 5.cxd5 exd5 6.O-O Nc6 7.d3 Qd7 8.a3 Bh3
9.b4 Bxg2 10.Kxg2 h5 11.h4 Ng4 12.Nc3 Be7 13.e4 dxe4 14.dxe4 Qxd1 15.Rxd1 Bf6
16.Bb2 O-O 17.Rd7 Rac8 18.Rad1 Nce5 19.Nxe5 Nxe5 20.R7d4 Ng4 21.R4d3 Ne5
22.Nd5 Nxd3 23.Nxf6+ gxf6 24.Rxd3 Rfe8 25.Rd5 Rxe4 26.Rxh5 Re6 27.g4 Kg7
28.Kg3 Rd8 29.Rg5+ Kf8 30.Rf5 Ke7 31.h5 Rd3+ 32.Kg2 Re4 33.Bxf6+ Ke6 34.f3 Re2+
35.Kg3 Rd1 36.h6 Rh1 37.Bg5 Reh2 38.Rf6+ Ke5 39.Rxf7 Rh3+ 40.Kf2 R1h2+ 41.Ke3 Ra2
42.Bf4+ Ke6 43.Rxc7 Rxa3+ 44.Ke4 Raxf3 45.Rxb7 Rb3 46.g5 a5 47.Rb6+ Ke7 48.bxa5 Rxb6
49.axb6  1-0

[Event "USCL 2009"]
[Site "ICC INT"]
[Date "2009.10.07"]
[Round "6"]
[White "Mikhailuk,S"]
[Black "Schneider,Dm"]
[Result "1/2-1/2"]
[WhiteElo "2436"]
[BlackElo "2483"]

1.Nf3 d5 2.g3 Nf6 3.Bg2 c6 4.O-O Bg4 5.d3 Nbd7 6.Nbd2 e6 7.b3 Bc5 8.Bb2 O-O
9.c4 a5 10.Qc2 Qb8 11.Bxf6 gxf6 12.d4 Be7 13.e4 dxe4 14.Qxe4 Bf5 15.Qe3 Re8
16.Nh4 Bg6 17.Nxg6 hxg6 18.Rad1 f5 19.Nf3 Bf6 20.Rfe1 e5 21.dxe5 Nxe5 22.Qb6 Ra6
23.Qc5 Nxf3+ 24.Bxf3 Rxe1+ 25.Rxe1 Qf8 26.Qe3 a4 27.c5 axb3 28.axb3 Ra2 29.b4 Rb2
30.Qf4 Bc3 31.Rd1 Rxb4 32.Qc7 Bd4 33.Re1 Rb2 34.Re2 Rxe2 35.Bxe2 Qxc5 36.Qxb7 Bxf2+
37.Kg2 Be1 38.Qb8+ Kg7 39.Qf4 Ba5 40.Bf3 Bb6 41.Qd2 Qg1+ 42.Kh3 Qf1+ 43.Bg2 Qc4
44.Bf3 Bd4 45.Bxc6 Bc3 46.Qd5 Qg4+ 47.Kg2 Qe2+ 48.Kh3 Qg4+ 49.Kg2 Qe2+ 50.Kh3 Be5
51.Bb5 Qg4+ 52.Kg2 Qe4+ 53.Qxe4 fxe4 54.Bc6 f5 55.h4 Kf6 56.Be8 Bd4 57.Kf1 Bc5
58.Ke2 g5 59.hxg5+ Kxg5 60.Kf1 Kg4 61.Bd7 Bd6 62.Kg2 Bc7 63.Be6 e3 64.Bc4 Bxg3
65.Be2+ Kf4 66.Bd3 Bh4 67.Be2 Ke4 68.Kf1 Be7 69.Kg2 Bd6 70.Kf1 Kd4 71.Kg2 Ke4
72.Kf1 Kf4 73.Kg2 Be7 74.Bd1 Bh4 75.Be2 Ke4 76.Kf1 Kd4 77.Kg2 Kc3 78.Kf3 Kd2
79.Ba6 Be7  1/2-1/2

[Event "14th ECC w"]
[Site "Ohrid MKD"]
[Date "2009.10.08"]
[Round "5"]
[White "Stojanovic,Andj"]
[Black "Khurtsidze,N"]
[Result "1/2-1/2"]
[WhiteElo "2323"]
[BlackElo "2420"]

1.Nf3 d5 2.g3 Nf6 3.Bg2 b5 4.d4 e6 5.a4 b4 6.c4 c5 7.cxd5 Nxd5 8.O-O Nd7
9.e4 N5f6 10.Re1 Ba6 11.d5 e5 12.b3 c4  1/2-1/2

[Event "FSIMA October"]
[Site "Budapest HUN"]
[Date "2009.10.09"]
[Round "6"]
[White "Berczes,C"]
[Black "Dave,D"]
[Result "1-0"]
[WhiteElo "2368"]
[BlackElo "2124"]

1.Nf3 d5 2.g3 Nf6 3.Bg2 Bf5 4.c4 c6 5.cxd5 cxd5 6.Qb3 Qc8 7.Nc3 e6 8.O-O Nc6
9.d3 Be7 10.Bf4 a6 11.Na4 Nd7 12.Rfc1 O-O 13.Rc2 Bd8 14.Rac1 Ndb8 15.Nb6 Bxb6
16.Qxb6 a5 17.Nd4 Nd7 18.Nxc6 Nxb6 19.Ne7+ Kh8 20.Nxc8 Rfxc8 21.Bc7 Nd7 22.e4 dxe4
23.dxe4 Bg6 24.Rc3 h6 25.e5 Ra7 26.Rd1 Nf8 27.Bxa5 Rxc3 28.Bxc3 Rxa2 29.f4 Ra8
30.Bxb7 Rb8 31.Bf3 Bc2 32.Rd6 Bb3 33.Kf2 Ng6 34.Rd7 Kg8 35.Ke3 Kf8 36.Bc6 Rb6
37.Rd8+  1-0